ロード中...

Malayala granta Soochi

書誌詳細
第一著者: Govi, K M
フォーマット: Printed Book
出版事項: Thrissur, Kerala Sahitya Acadxemic 1989
シリーズ:4
主題:
LEADER 004710000a22001570004500
082 |a 010 M9.4 
100 |a Govi, K M  |f Ed 
245 |a Malayala granta Soochi 
260 |a Thrissur, Kerala Sahitya Acadxemic 
260 |c 1989 
490 |a 4  |c 1976-1980 
650 |a Bibliography 
650 |a Malayalam literature 
942 |c BK 
999 |c 133541  |d 133537 
952 |0 0  |1 0  |4 0  |6 010_000000000000000_M9_4  |7 0  |9 132462  |a SCP  |b SCP  |d 2014-02-11  |l 0  |o 010 M9.4  |p SCP04632  |r 2014-02-11  |w 2014-02-11  |y BK